[Event "Najdorf Mem Open"]
[Site "Warsaw POL"]
[Date "2009.07.21"]
[Round "4"]
[White "Genutis,M"]
[Black "Czyz,Ar"]
[Result "1-0"]
[WhiteElo "2317"]
[BlackElo "2064"]

1.d4 Nf6 2.c4 g6 3.Nc3 Bg7 4.e4 d6 5.Nf3 O-O 6.Be2 e5 7.O-O Nc6 8.d5 Ne7
9.b4 Nh5 10.Re1 f5 11.Ng5 Nf6 12.f3 Kh8 13.Ne6 Bxe6 14.dxe6 Nh5 15.c5 Nf4
16.Bc4 fxe4 17.Rxe4 d5 18.Bxf4 dxe4 19.Bg5 Qd4+ 20.Qxd4 exd4 21.Nxe4 Rae8
22.b5 h6 23.Bd2 Nf5 24.Re1 Ne3 25.Bb3 c6 26.bxc6 bxc6 27.Bxe3 dxe3 28.Kf1 Rf4
29.Rxe3 Bd4 30.Rd3 Rxe4 31.fxe4 Bxc5 32.Rc3 Bd6 33.g3 c5 34.Rd3 Bf8 35.Rf3 Bd6
36.Ke2 Re7 37.Kd3 c4+ 38.Kxc4 Kg7 39.Kd5 Bb4 40.Ba4 g5 41.Bd7 g4 42.Rb3 a5
43.a3 Bd2 44.Kd6 Bg5 45.Rb5 Kg6 46.Rxg5+  1-0

[Event "Najdorf Mem Open"]
[Site "Warsaw POL"]
[Date "2009.07.21"]
[Round "4"]
[White "Goganov,A"]
[Black "Sylvan,J"]
[Result "1/2-1/2"]
[WhiteElo "2434"]
[BlackElo "2239"]

1.d4 Nf6 2.c4 g6 3.Nc3 Bg7 4.e4 d6 5.Nf3 O-O 6.Be2 e5 7.O-O Nc6 8.d5 Ne7
9.Nd2 a5 10.Rb1 Nd7 11.a3 f5 12.b4 Kh8 13.Qc2 Nf6 14.f3 axb4 15.axb4 g5 16.exf5 Nxf5
17.Nde4 Nd4 18.Qd1 h6 19.Nxf6 Qxf6 20.Bd3 Qf7 21.Ne4 Qh5 22.Qe1 Ra2 23.Bb2 Bd7
24.Rf2 Raa8 25.c5 Qf7 26.cxd6 cxd6 27.Nxd6 Qxd5 28.Qe4 Qxe4 29.Bxe4 Bc6 30.Nxb7 Bxe4
31.fxe4 Rfb8 32.Nd6 Rxb4 33.Rbf1 Kg8 34.h3 Rab8 35.Bc3 Rb3 36.Bxd4 exd4 37.Nf5 Rb1
38.Rxb1 Rxb1+ 39.Rf1 Rb2 40.Rd1 Re2 41.Nxg7 Kxg7 42.Rxd4 Kf6 43.Kf1 Ra2 44.Rd6+ Ke5
45.Rxh6 Kxe4 46.Rf6 Rb2 47.Rf3 Ke5 48.Kg1 Rb4 49.Kh2 g4 50.Rf8 gxh3 51.Kxh3 Ke6
52.g4 Ke7 53.Rf5 Rb8 54.Kg3 Ra8 55.Kf3 Rb8 56.Kf4 Ra8 57.Kg3 Rh8 58.g5 Rf8
59.Re5+ Kf7 60.Kg4 Kg7 61.Re7+ Rf7 62.Rxf7+ Kxf7 63.Kf5 Kg7 64.g6 Kg8 65.Kf6 Kf8
66.g7+ Kg8 67.Kg6  1/2-1/2

[Event "2nd Open"]
[Site "Paleohora GRE"]
[Date "2009.07.22"]
[Round "3"]
[White "Turov,M"]
[Black "Kanakaris,G"]
[Result "1-0"]
[WhiteElo "2561"]
[BlackElo "2377"]

1.d4 Nf6 2.c4 g6 3.Nc3 Bg7 4.e4 d6 5.Nf3 O-O 6.Be2 e5 7.O-O Nc6 8.d5 Ne7
9.Nd2 a5 10.a3 Bd7 11.b3 c6 12.Ra2 Bh6 13.Rc2 Qb6 14.c5 Qd8 15.cxd6 Nc8 16.Nc4 Bxc1
17.Rxc1 cxd5 18.Nxd5 Nxe4 19.Bf3 Ng5 20.Nxe5 Bb5 21.d7 Nb6 22.Nxb6 Qxb6 23.Re1 Rad8
24.a4 Nxf3+ 25.gxf3 Ba6 26.Qd5 Qf6 27.Rcd1 h5 28.Qxa5 Qg5+ 29.Kh1 h4 30.Qd2 Qf5
31.Qh6 h3 32.Rd4 Be2 33.Qf4 Qxf4 34.Rxf4 Ba6 35.b4 b5 36.Rf6 Bb7 37.axb5 Kg7
38.Rd6  1-0

[Event "Quebec Open"]
[Site "Montreal CAN"]
[Date "2009.07.23"]
[Round "7"]
[White "Jancovic,P"]
[Black "Castellanos Rodriguez,R"]
[Result "1/2-1/2"]
[WhiteElo "2140"]
[BlackElo "2453"]

1.d4 Nf6 2.c4 g6 3.Nc3 Bg7 4.e4 d6 5.Nf3 O-O 6.Be2 e5 7.O-O Nc6 8.d5 Ne7
9.Ne1 Nd7 10.Nd3 f5 11.Bd2 Nf6 12.f3 f4 13.c5 g5 14.cxd6 cxd6 15.Nf2 Ng6
16.Qc2 Rf7 17.Rfc1 Ne8 18.a4 h5 19.h3 Bf8 20.Nb5 Bd7 21.a5 a6 22.Na3 Nh4
23.Qd1 Rg7 24.Nc4 Bb5 25.Nb6 Bxe2 26.Qxe2 Rb8 27.Ra3 Nf6 28.Rac3 Qe8 29.Be1 Ng6
30.Qc2 Ne7 31.Nc8 Qd7 32.Nb6 Qe8 33.Qa4 Qg6 34.R1c2 Kh8 35.Kf1 Neg8 36.Rc7 Rd8
37.Rxg7 Qxg7 38.Qc4 Ne8 39.b4 Ngf6 40.b5 axb5 41.Qxb5 Nc7 42.Qe2 Na6 43.Nd3 Qg6
44.Rc4 Be7 45.Nb4 Nxb4 46.Bxb4 g4 47.Rc8 Rg8 48.Rxg8+ Qxg8 49.Be1 Qg6 50.Qc4 gxh3
51.gxh3 Qe8 52.Qe2 Bd8 53.Bh4 Ng8 54.Bxd8 Qxd8 55.Ke1 Qg5 56.Nc8 Qg3+ 57.Kd2 Qg1
58.Nxd6 Qd4+ 59.Kc2 Qa4+ 60.Kb1 Qb4+ 61.Qb2 Qxd6 62.Qxb7 Qa3 63.a6 Qd3+ 64.Kb2 Qe2+
65.Kb1 Qd3+ 66.Ka2 Qe2+ 67.Ka1 Qf1+ 68.Ka2 Qe2+ 69.Kb1  1/2-1/2

[Event "Synthesia Rapid Open"]
[Site "Pardubice CZE"]
[Date "2009.07.23"]
[Round "4"]
[White "Zakhartsov,Vi"]
[Black "Baryshpolets,A"]
[Result "1/2-1/2"]
[WhiteElo "2541"]
[BlackElo "2426"]

1.Nf3 Nf6 2.c4 g6 3.Nc3 Bg7 4.e4 d6 5.d4 O-O 6.Be2 e5 7.O-O Nc6 8.d5 Ne7
9.b4 Nh5 10.Re1 f5 11.Ng5 Nf6 12.Bf3 c6 13.b5 cxd5 14.cxd5 h6 15.Ne6 Bxe6
16.dxe6 fxe4 17.Nxe4 Nxe4 18.Bxe4 d5 19.Ba3 dxe4 20.Qxd8 Rfxd8 21.Bxe7 Re8
22.Bc5 Rxe6 23.Be3 a6 24.b6 Rd8 25.Rac1 Kf7 26.Kf1 Red6 27.Rc7+ R8d7 28.Rec1 Ke6
29.Ke2 Bf6 30.Rxd7 Rxd7 31.Bxh6 Bd8 32.Be3 Rd6 33.Rb1 Rc6 34.Rb2 Be7 35.Kd1 Kf5
36.Rc2 Rxc2 37.Kxc2 Ke6 38.Kb3 Kd5 39.g3 Bf6 40.h4 Bd8 41.Kc3 Be7 42.Kd2 Ke6
43.Ke2 Kf5 44.a4 Bb4 45.Bg5  1/2-1/2

[Event "Synthesia Rapid Open"]
[Site "Pardubice CZE"]
[Date "2009.07.23"]
[Round "9"]
[White "Babula,V"]
[Black "Korobov,A"]
[Result "1/2-1/2"]
[WhiteElo "2566"]
[BlackElo "2623"]

1.d4 Nf6 2.c4 g6 3.Nc3 Bg7 4.e4 d6 5.Nf3 O-O 6.Be2 e5 7.O-O Nc6 8.d5 Ne7
9.b4 Nh5 10.Re1 f5 11.Ng5 Nf6 12.Bf3 c6 13.Ba3 h6 14.Ne6 Bxe6 15.dxe6 fxe4
16.Nxe4 Nxe4 17.Bxe4 d5 18.cxd5 cxd5 19.b5 dxe4 20.Qxd8 Rfxd8 21.Bxe7 Re8
22.Bc5 Rxe6 23.Be3 a6 24.b6 Rd8 25.Rac1 Rd7 26.Rc7  1/2-1/2

[Event "13th Battle of Senta Open A"]
[Site "Senta SRB"]
[Date "2009.07.24"]
[Round "8"]
[White "Petrekanovic,M"]
[Black "Kokai,P"]
[Result "1-0"]
[WhiteElo "2152"]
[BlackElo "2149"]

1.d4 Nf6 2.Nf3 g6 3.c4 Bg7 4.Nc3 O-O 5.e4 d6 6.Be2 e5 7.O-O Nc6 8.d5 Ne7
9.b4 Nh5 10.Re1 f5 11.Ng5 Nf4 12.Bxf4 exf4 13.Rc1 a5 14.b5 b6 15.Bf3 Be5
16.Qb3 Rb8 17.Rcd1 Nxd5 18.Nxd5 Qxg5 19.Nxc7 Kh8 20.Na6 Rb7 21.exf5 Rg7 22.c5 Rxf5
23.cxd6 Bd7 24.Nb8 Qf6 25.Nxd7 Rxd7 26.Bg4 Rxd6 27.Bxf5 Qxf5 28.Rxd6 Bxd6
29.Qe6 Qxe6 30.Rxe6 Bc5 31.Rf6 g5 32.h4 g4 33.Rxf4 g3 34.Kf1 gxf2 35.Rxf2 Bxf2
36.Kxf2 Kg7 37.Kf3 a4 38.Ke4 Kf6 39.g4 h6 40.Kd5 a3 41.Kd6  1-0

[Event "Najdorf Mem Open"]
[Site "Warsaw POL"]
[Date "2009.07.24"]
[Round "7"]
[White "Denderski,P"]
[Black "Zakoscielna,K"]
[Result "1-0"]
[WhiteElo "2261"]
[BlackElo "2089"]

1.d4 Nf6 2.c4 d6 3.Nc3 g6 4.e4 Bg7 5.Nf3 O-O 6.Be2 e5 7.O-O Nc6 8.d5 Ne7
9.Ne1 Nd7 10.Be3 f5 11.f3 f4 12.Bf2 g5 13.Rc1 Ng6 14.c5 Nxc5 15.b4 Na6 16.Nb5 Bd7
17.Nxa7 Qb8 18.Bb5 Rf7 19.Bxd7 Rxd7 20.Qa4 Nf8 21.Nb5 c6 22.Nc3 c5 23.bxc5 Nxc5
24.Qc4 b6 25.Nc2 h5 26.Nb4 g4 27.Nc6 Qe8 28.Rb1 Rb7 29.Bxc5 dxc5 30.d6+ Qe6
31.Nd5 b5 32.Rxb5 Rxb5 33.Qxb5 Qxd6 34.Qb7 Ra3 35.Nce7+ Kh7 36.Nf5 Qd7 37.Qb2 Ra6
38.Qe2 Rg6 39.Rd1 Qa7 40.Nde7 Rg5 41.Qc4 Bf6 42.Qf7+  1-0

[Event "Czech Open A"]
[Site "Pardubice CZE"]
[Date "2009.07.25"]
[Round "2"]
[White "Zakhartsov,Vi"]
[Black "Jasny,S"]
[Result "1-0"]
[WhiteElo "2541"]
[BlackElo "2364"]

1.d4 Nf6 2.c4 g6 3.Nc3 Bg7 4.e4 d6 5.Nf3 O-O 6.Be2 e5 7.O-O Nc6 8.d5 Ne7
9.b4 a5 10.Ba3 b6 11.bxa5 Nh5 12.Re1 f5 13.Nd2 Nf6 14.Bd3 Rxa5 15.Bb4 Ra8
16.Nb5 Ne8 17.a4 c6 18.dxc6 Nxc6 19.Bc3 f4 20.Be2 Nd4 21.Bxd4 exd4 22.Nb3 Nc7
23.N3xd4 Nxb5 24.cxb5 Kh8 25.Bf3 Be5 26.Nc6 Qf6 27.Rc1 Be6 28.Nxe5 dxe5 29.Rc6 Rfd8
30.Qc2 Qe7 31.Rxb6 Qb4 32.Rb1 Qc4 33.Qxc4 Bxc4 34.Rb4 Bd3 35.h4 Rd4 36.Rxd4 exd4
37.Rd6 Rxa4 38.b6 Ba6 39.Rd8+ Kg7 40.Ra8  1-0

[Event "Czech Open A"]
[Site "Pardubice CZE"]
[Date "2009.07.25"]
[Round "2"]
[White "Overbeck,T"]
[Black "Rojicek,V"]
[Result "0-1"]
[WhiteElo "2235"]
[BlackElo "2405"]

1.d4 Nf6 2.c4 g6 3.Nc3 Bg7 4.e4 d6 5.Be2 O-O 6.Nf3 e5 7.O-O Nc6 8.d5 Ne7
9.Ne1 Nd7 10.Nd3 f5 11.exf5 Nxf5 12.f3 Nf6 13.Nf2 c5 14.Nfe4 Nd4 15.Bg5 Bf5
16.Bd3 Rf7 17.f4 Bxe4 18.Nxe4 exf4 19.Rxf4 Qf8 20.Nxf6+ Bxf6 21.Bxf6 Rxf6
22.Rxf6 Qxf6 23.Qd2 Re8 24.Re1 Rxe1+ 25.Qxe1 Kf7 26.Qf2 Qxf2+ 27.Kxf2 Kf6
28.g4 Ke5 29.Ke3 a6 30.b3 Kf6 31.Kf4 g5+ 32.Ke3 h6 33.Be4 Ke5 34.Bd3 Kf6
35.h3 Ke5 36.Bg6 b5 37.Bd3 a5 38.a4 b4  0-1

[Event "ZMD Open"]
[Site "Dresden GER"]
[Date "2009.07.26"]
[Round "2"]
[White "Hera,I"]
[Black "Sturm,F"]
[Result "1-0"]
[WhiteElo "2557"]
[BlackElo "1916"]

1.d4 Nf6 2.Nf3 g6 3.c4 Bg7 4.Nc3 O-O 5.e4 d6 6.Be2 e5 7.O-O Nc6 8.d5 Ne7
9.Ne1 Nd7 10.Nd3 f5 11.f3 Nf6 12.Bd2 f4 13.Rc1 g5 14.c5 Ng6 15.b4 h5 16.Nf2 Rf7
17.h3 Bf8 18.cxd6 cxd6 19.a4 Rh7 20.a5 g4 21.fxg4 hxg4 22.Nxg4 Nh4 23.Be1 Nxg4
24.Bxg4 Rg7 25.Nb5 Bxg4 26.hxg4 a6 27.Na3 Qf6 28.Rc3 Rh7 29.Rh3 Rc8 30.b5 Be7
31.bxa6 bxa6 32.Qa4 Qg6 33.Qd7 Rc1 34.Qe6+ Qxe6 35.dxe6 Ra1 36.Bxh4 Rxf1+
37.Kxf1 Rxh4 38.Rb3 Rh1+ 39.Ke2 Ra1 40.Nc4 Ra2+ 41.Kf3 Rc2 42.Nb6 Ra2 43.Nd5 Bh4
44.g5 Bxg5 45.Rb8+ Kg7 46.e7 Bxe7 47.Nxe7 Rxa5 48.Nf5+ Kf6 49.Rb6 Kg5 50.Nxd6 Ra3+
51.Kf2 Kg4 52.Nc4  1-0

[Event "Czech Open A"]
[Site "Pardubice CZE"]
[Date "2009.07.26"]
[Round "3"]
[White "Babula,V"]
[Black "Nithander,V"]
[Result "1-0"]
[WhiteElo "2566"]
[BlackElo "2422"]

1.d4 Nf6 2.c4 g6 3.Nc3 Bg7 4.e4 d6 5.Nf3 O-O 6.Be2 e5 7.O-O Nc6 8.Be3 Ng4
9.Bg5 f6 10.Bh4 Nh6 11.dxe5 dxe5 12.Qb3 g5 13.Rad1 Qe8 14.Bg3 g4 15.Nh4 b6
16.c5+ Kh8 17.Bb5 a6 18.Bxc6 Qxc6 19.cxb6 cxb6 20.Qa3 Nf7 21.Nd5 Be6 22.Rc1 Qd6
23.Qxd6 Nxd6 24.Nc7 Bxa2 25.Nxa8 Rxa8 26.f3 gxf3 27.gxf3 Bf8 28.Rc6 Rc8 29.Rfc1 Be6
30.Rxc8 Bxc8 31.Bf2 Be6 32.Rc6 Kg8 33.Rxb6 Bc4 34.Rb8 Be6 35.Bc5 Nc8 36.Bxf8 Kxf8
37.Nf5  1-0

[Event "Czech Open A"]
[Site "Pardubice CZE"]
[Date "2009.07.26"]
[Round "3"]
[White "Kopasov,A"]
[Black "Ponizil,C"]
[Result "1-0"]
[WhiteElo "2157"]
[BlackElo "2314"]

1.d4 Nf6 2.c4 g6 3.Nc3 Bg7 4.e4 d6 5.Be2 O-O 6.Nf3 e5 7.O-O Nc6 8.d5 Ne7
9.b4 a5 10.Ba3 b6 11.bxa5 Nh5 12.Bb4 bxa5 13.Ba3 Nf4 14.c5 Nxe2+ 15.Nxe2 f5
16.Nc3 fxe4 17.cxd6 cxd6 18.Ng5 e3 19.fxe3 Nf5 20.Ne6 Bxe6 21.dxe6 e4 22.Qb3 Kh8
23.Nd5 Rb8 24.Qc2 Qg5 25.Qxe4 Bxa1 26.Rxa1 Rb5 27.Nc7 Rbb8 28.Re1 h5 29.e7 Qxe7
30.Qxe7 Nxe7 31.Bxd6 Rb2 32.Be5+ Kg8 33.Bxb2 Rc8 34.Rc1 Kf7 35.Kf2  1-0

[Event "MTO"]
[Site "Biel SUI"]
[Date "2009.07.27"]
[Round "7"]
[White "Pelletier,Y"]
[Black "Gallagher,Jo"]
[Result "1/2-1/2"]
[WhiteElo "2574"]
[BlackElo "2455"]

1.d4 Nf6 2.c4 g6 3.Nc3 Bg7 4.e4 d6 5.Nf3 O-O 6.Be2 e5 7.O-O Nc6 8.d5 Ne7
9.b4 Nh5 10.Re1 a5 11.Ba3 Nf4 12.c5 axb4 13.Bxb4 Bg4 14.h3 Bh5 15.Qb3 Bxf3
16.Bxf3 dxc5 17.Bxc5 Nd3 18.Bxe7 Qxe7 19.Red1 Nc5 20.Qb4 Rfd8 21.a4 b6 22.Be2 Bf8
23.Bb5 Qh4 24.Qb1 Ra5 25.Qc2 Bd6 26.Re1 Rf8 27.Bd3 Rfa8 28.Re2 Kg7 29.Bb5 Rf8
30.Bd3 Rfa8 31.Bb5 Rf8 32.Bd3  1/2-1/2

[Event "14th Open"]
[Site "Creon FRA"]
[Date "2009.07.28"]
[Round "2"]
[White "Jolly,J"]
[Black "Pass,D"]
[Result "1-0"]
[WhiteElo "2366"]
[BlackElo "2000"]

1.d4 Nf6 2.c4 g6 3.Nc3 Bg7 4.e4 d6 5.Nf3 O-O 6.Be2 e5 7.O-O Nc6 8.d5 Ne7
9.b4 Nh5 10.Re1 f5 11.Ng5 Nf6 12.Bf3 Kh8 13.Bb2 h6 14.Ne6 Bxe6 15.dxe6 c6
16.Qd2 Qc7 17.c5 dxc5 18.bxc5 f4 19.Qe2 Rae8 20.Qc4 g5 21.Bd1 Rd8 22.Bb3 Rd2
23.Nd1 Ng6 24.Bc3 Rdd8 25.Nb2 Ne7 26.Rad1 g4 27.g3 Nh7 28.Rxd8 Rxd8 29.Rd1 Rxd1+
30.Bxd1 h5 31.Nd3 f3 32.Bb3 h4 33.Kf1 hxg3 34.hxg3 Ng5 35.Ke1 Nh3 36.Kd1 Ng1
37.Nc1 Qd8+ 38.Qd3 Qxd3+ 39.Nxd3 Ne2 40.Bxe5 Bxe5 41.Nxe5 Kg7 42.Kd2 Ng6
43.Nxg4 Nd4 44.Ke3  1-0

[Event "Czech Open A"]
[Site "Pardubice CZE"]
[Date "2009.07.28"]
[Round "5"]
[White "Almond,R"]
[Black "Koepke,C"]
[Result "1/2-1/2"]
[WhiteElo "2100"]
[BlackElo "2374"]

1.d4 Nf6 2.c4 g6 3.Nf3 Bg7 4.Nc3 O-O 5.e4 d6 6.Be2 e5 7.O-O Nc6 8.d5 Ne7
9.Ne1 Nd7 10.f3 f5 11.g4 Kh8 12.h4 a5 13.Nd3 b6 14.b3 Nc5 15.Nxc5 bxc5 16.Kg2 Bd7
17.Bd2 Ng8 18.Rh1 Nf6 19.h5 Kg8 20.hxg6 fxg4 21.fxg4 hxg6 22.Kg3 Nh7 23.Qg1 Rf4
24.Qh2 Ng5 25.Raf1 Qf6 26.Kg2 Rf8 27.Rxf4 exf4 28.Rf1 Qd4 29.Bxf4 Nxe4 30.Nd1 Nf6
31.g5 Ng4 32.Bxg4 Bxg4 33.Ne3 Qe4+ 34.Kg3 Bd7 35.Ng2 Be5 36.Qh4 Rf7 37.Bxe5 Qxh4+
38.Nxh4 Rxf1 39.Bf6 Bf5 40.Bd8 Rg1+ 41.Kf2 Ra1 42.Bxc7 Rxa2+ 43.Ke3 Ra3 44.Nxf5 gxf5
45.Kf4 Rxb3 46.Bxa5 Kf7 47.Kxf5 Rf3+ 48.Ke4 Rf1 49.Bd8 Re1+ 50.Kd3 Re5 51.g6+ Kxg6
52.Bc7 Re8 53.Bxd6 Rc8 54.Ke4 Kf6 55.Kf4 Kf7 56.Kf5 Ra8  1/2-1/2

[Event "MTO"]
[Site "Biel SUI"]
[Date "2009.07.29"]
[Round "9"]
[White "Fressinet,L"]
[Black "Shomoev,A"]
[Result "1/2-1/2"]
[WhiteElo "2667"]
[BlackElo "2580"]

1.d4 Nf6 2.Nf3 g6 3.c4 Bg7 4.Nc3 O-O 5.e4 d6 6.Be2 e5 7.O-O Nc6 8.d5 Ne7
9.Ne1 Nd7 10.Be3 f5 11.f3 f4 12.Bf2 g5 13.a4 a6 14.a5 Ng6 15.b4 Nf6 16.c5 Kh8
17.Rc1 Rg8 18.cxd6 cxd6 19.Na4 g4 20.Nb6 Rb8 21.fxg4 Nxe4 22.Bd3 Ng5 23.Nxc8 Rxc8
24.Rxc8 Qxc8 25.Bf5 Qc4 26.Nf3 Nxf3+ 27.Qxf3 Ne7 28.Be4 Rc8 29.g5 Qxb4 30.Bxh7 Kxh7
31.Qh3+ Kg8 32.Qe6+ Kh8 33.Qxe7 Qxa5 34.Qe6 Qd8 35.g6 Rc3 36.Be1 Rc1 37.Qh3+ Kg8
38.Qe6+ Kh8 39.Bh4 Qb6+ 40.Bf2 Rxf1+ 41.Kxf1 Qb1+ 42.Be1 Qd3+ 43.Kf2 Qe3+
44.Kf1  1/2-1/2

[Event "ZMD Open"]
[Site "Dresden GER"]
[Date "2009.07.29"]
[Round "5"]
[White "Moeller,H"]
[Black "Schmidt,HG"]
[Result "1-0"]
[WhiteElo "2171"]
[BlackElo "2010"]

1.Nf3 g6 2.c4 Bg7 3.Nc3 d6 4.e4 Nf6 5.d4 O-O 6.Be2 e5 7.O-O Nc6 8.d5 Ne7
9.b4 a5 10.Ba3 Ne8 11.c5 axb4 12.Bxb4 f5 13.Ng5 Kh8 14.Ne6 Bxe6 15.dxe6 fxe4
16.Bc4 Nc6 17.Rb1 Nd4 18.Nxe4 Rf4 19.Nc3 Nf3+ 20.Qxf3 Rxf3 21.gxf3 Qh4 22.Be2 Bh6
23.Ne4 d5 24.Ng3 Qf6 25.Rb2 Qxe6 26.Rfb1 Bf4 27.Be1 Qc6 28.Rc1 Qa4 29.Rb3 Qc6
30.Bb5 Qe6 31.a4 c6 32.Bf1 Qe7 33.a5 e4 34.fxe4 dxe4 35.Rc4 Nf6 36.Bc3 Bxg3
37.hxg3 Kg7 38.Rcb4 Kh6 39.Rxb7 Qe6 40.Bd2+ g5 41.a6 Nd7 42.Be3 Ne5 43.Kg2 Nd3
44.R3b6 Ne5 45.Rb8 Qg6 46.Bd4 e3 47.Bxe5 Qe4+ 48.f3  1-0

[Event "ch-AUT"]
[Site "Jenbach AUT"]
[Date "2009.07.29"]
[Round "5"]
[White "Berchtold,C"]
[Black "Jedinger,A"]
[Result "0-1"]
[WhiteElo "2057"]
[BlackElo "2170"]

1.d4 Nf6 2.c4 g6 3.Nc3 Bg7 4.e4 d6 5.Nf3 O-O 6.Be2 e5 7.O-O Nc6 8.d5 Ne7
9.Bg5 h6 10.Bxf6 Bxf6 11.b4 c6 12.Qb3 cxd5 13.cxd5 Bg7 14.Rac1 Bg4 15.Nd2 Bxe2
16.Nxe2 Qd7 17.a4 h5 18.Rc2 Rac8 19.Rfc1 b5 20.Rxc8 Rxc8 21.Rxc8+ Nxc8 22.a5 Bh6
23.Qc3 a6 24.Nf1 Ne7 25.Ne3 Kh7 26.f3 Qa7  0-1

[Event "Czech Open A"]
[Site "Pardubice CZE"]
[Date "2009.07.29"]
[Round "6"]
[White "Tikkanen,H"]
[Black "Maximov,D"]
[Result "0-1"]
[WhiteElo "2434"]
[BlackElo "2485"]

1.d4 Nf6 2.c4 g6 3.Nc3 Bg7 4.e4 d6 5.Be2 O-O 6.Nf3 e5 7.O-O Nc6 8.d5 Ne7
9.Ne1 Nd7 10.Nd3 f5 11.Bd2 Nf6 12.f3 f4 13.c5 g5 14.cxd6 cxd6 15.Nf2 Ng6
16.Qc2 Rf7 17.Rfc1 h5 18.h3 Nh4 19.Nb5 Ne8 20.Nxa7 Bd7 21.Nc6 bxc6 22.dxc6 Be6
23.Bc4 Nc7 24.Bxe6 Nxe6 25.Qc4 Nd4 26.Bc3 g4 27.Bxd4 gxf3 28.c7 Qg5 29.Ng4 exd4
30.c8=Q+ Rxc8 31.Qxc8+ Kh7 32.gxf3 Nxf3+ 33.Kf2 hxg4 34.Qxg4 Qxg4 35.hxg4 Ne5
36.Rc8 Nxg4+ 37.Kf3 Ne5+ 38.Kf2 f3 39.Rh1+ Bh6 40.Rd8 Rf6 41.a4 Rg6 42.Kf1 d3  0-1

[Event "Open"]
[Site "Stara Pazova SRB"]
[Date "2009.07.29"]
[Round "6"]
[White "Sertic,Ru"]
[Black "Georgiev,Kr"]
[Result "1/2-1/2"]
[WhiteElo "2381"]
[BlackElo "2430"]

1.Nf3 Nf6 2.c4 g6 3.Nc3 Bg7 4.e4 d6 5.d4 O-O 6.Be2 e5 7.O-O Nc6 8.d5 Ne7
9.b4 a5 10.Ba3 c6 11.bxa5 c5 12.Ne1 Rxa5 13.Bc1 Ne8 14.g4 f5 15.h3 h6  1/2-1/2

[Event "Hanowa Generations"]
[Site "Biel SUI"]
[Date "2009.07.30"]
[Round "10"]
[White "Sinkovics,P"]
[Black "Grillon,A"]
[Result "1-0"]
[WhiteElo "2331"]
[BlackElo "2089"]

1.d4 Nf6 2.Nf3 g6 3.c4 Bg7 4.Nc3 O-O 5.e4 d6 6.Be2 e5 7.O-O Nc6 8.d5 Ne7
9.Ne1 Nd7 10.Be3 f5 11.f3 f4 12.Bf2 g5 13.Nd3 Rf6 14.c5 Rh6 15.cxd6 cxd6
16.Nb5 a6 17.Na7 Rxa7 18.Bxa7 b6 19.Rc1 Qe8 20.Nf2 Rg6 21.a4 h5 22.b4 Bh6
23.Rc3 Nf6 24.h3 Bd7 25.a5 b5 26.Bb6 Kh8 27.Qc2 Qg8 28.Rc7 Bf8 29.Rxd7 Nxd7
30.Qc7 Nf6 31.Qb7 g4 32.fxg4 hxg4 33.Bxg4 Rg7 34.Qxa6 Ng6 35.Be6 Qh7 36.Qc8 Qh4
37.Rc1 f3 38.Bg4 Rg8 39.Bxf3 Qf4 40.Nd3 Qg5 41.Qc2 Nf4 42.Nxf4 Qxf4 43.Kh1 Bh6
44.Re1 Nh5 45.Bxh5 Qh4 46.Qe2 Rg3 47.Bg1 Bf4 48.a6 Ra3 49.a7 Qg3 50.Qf2 Qg5
51.Bg4 Bg3 52.Qxg3  1-0

[Event "ch-AUT"]
[Site "Jenbach AUT"]
[Date "2009.07.30"]
[Round "6"]
[White "Dietmayer Kraeutler,M"]
[Black "Ager,J"]
[Result "0-1"]
[WhiteElo "2276"]
[BlackElo "2214"]

1.d4 Nf6 2.c4 g6 3.Nc3 Bg7 4.e4 d6 5.Nf3 O-O 6.Be2 e5 7.O-O Nc6 8.d5 Ne7
9.b4 Nh5 10.Re1 Kh8 11.c5 Nf4 12.Bf1 f5 13.Bxf4 exf4 14.e5 a5 15.cxd6 cxd6
16.Nb5 dxe5 17.Nxe5 Nxd5 18.Bc4 Be6 19.Nxg6+ hxg6 20.Rxe6 Nb6 21.Bf1 Rf6
22.Rd6 Rxd6 23.Nxd6 Kh7 24.Nxb7 Qe7 25.Nxa5 Bxa1 26.Qxa1 Qxb4 27.Nc6 Qd6
28.Ne5 Qf6 29.Qc3 Re8 30.Qh3+ Kg7 31.Nd3 Nd5 32.Qf3 Qd4 33.a4 Qe4 34.Qd1 Nc3
35.Qa1 Qd4 36.Qc1 Ne2+ 37.Bxe2 Rxe2 38.h4 Qxd3 39.Qc7+ Kf6 40.Qxf4 Qd2 41.Qb8 Qe1+
42.Kh2 Re8 43.Qb6+ Qe6 44.Qa7 Qe7 45.Qa6+ Kg7 46.g3 Qe2 47.Qa7+ Kh6 48.a5 Qf3
49.Qd4 f4 50.Kh3 fxg3 51.Qd2+ Kg7 52.fxg3 Qh1+ 53.Kg4 Qe4+ 54.Kh3 Qe6+  0-1

[Event "Brama Lubawska"]
[Site "Lubawka POL"]
[Date "2009.07.30"]
[Round "2"]
[White "Gulik,P"]
[Black "Hajnrych,J"]
[Result "0-1"]
[WhiteElo "1917"]
[BlackElo "1984"]

1.d4 Nf6 2.c4 g6 3.Nc3 Bg7 4.e4 d6 5.Nf3 O-O 6.Be2 e5 7.O-O Nc6 8.d5 Ne7
9.b4 a5 10.Ba3 axb4 11.Bxb4 b6 12.a4 Nh5 13.a5 bxa5 14.Bxa5 Ba6 15.g3 h6
16.Nd2 f5 17.exf5 Nxf5 18.c5 Bxe2 19.Qxe2 Nd4 20.Qc4 Qg5 21.Nce4 Qg4 22.f3 Nxf3+
23.Nxf3 Rxf3 24.Bxc7 Rxa1 25.Rxa1 Re3 26.Nxd6 e4 27.Nf5 gxf5 28.d6+ Kh7 29.d7 Rd3
30.Qxd3 exd3 31.d8=Q Bxa1 32.Qxd3 Qd4+ 33.Qxd4 Bxd4+ 34.Kg2 Bxc5 35.Kf3 Kg6
36.g4 fxg4+ 37.Kxg4 Nf6+ 38.Kh3 Be3 39.Bd8 Nd7 40.Bc7 Kf5 41.Kg2 Bf4 42.Bd8 Kg4
43.Be7 h5 44.Bd8 Ne5 45.Bc7 Nd3 46.Ba5 Be5 47.Bd2 Bd4 48.h3+ Kf5 49.Kg3 Bf2+
50.Kf3 Bh4 51.Bh6 Ne5+ 52.Kg2 Ke4 53.Bg7 Nf3 54.Bc3 Ke3 55.Bb4 Be1 56.Bc5+ Ke2
57.Be7 Bf2 58.Bb4 Nh4+ 59.Kh2 Kf3 60.Ba5 Nf5 61.Bc3 Bd4 62.Be1 Ne3 63.Bh4 Nf1+
64.Kh1 Bf2 65.Bd8 Kg3 66.h4 Kh3 67.Bc7 Ne3 68.Bb6 Ng4 69.Bc7 Bxh4 70.Bb6 Bf2
71.Bc7 Nf6 72.Be5 Ne4 73.Bc7 Bg3 74.Bb6 Bh2  0-1

[Event "Czech Open A"]
[Site "Pardubice CZE"]
[Date "2009.07.30"]
[Round "7"]
[White "Panteleev,P"]
[Black "Nithander,V"]
[Result "1/2-1/2"]
[WhiteElo "2317"]
[BlackElo "2422"]

1.d4 Nf6 2.Nf3 g6 3.c4 Bg7 4.Nc3 O-O 5.e4 d6 6.Be2 e5 7.O-O Nc6 8.d5 Ne7
9.b4 Nh5 10.Re1 a5 11.bxa5 Rxa5 12.a4 c5 13.Nd2 Nf6 14.Nb3 Ra8 15.a5 Ne8
16.Na4 f5 17.Nb6 Ra6 18.Nxc8 Qxc8 19.exf5 gxf5 20.Bb2 Ng6 21.Bf1 Kh8 22.Nd2 Nf6
23.g3 Qc7 24.Bh3 Ng8 25.Qh5 e4 26.Bxg7+ Qxg7 27.Bxf5 Nf4 28.Qg4 Nd3 29.Rf1 Qe5
30.Bxe4 Nxf2 31.Qh4 Nf6 32.Rae1 N2g4 33.Nf3 Qh5 34.Qxh5 Nxh5 35.Ng5 Nhf6
36.Ne6 Rf7 37.Bf3 Ne5 38.Ra1 Kg8 39.Be2 Ne4 40.Bh5 Rxf1+ 41.Rxf1 Ra8 42.Be2 Nc3
43.Bh5 Ne4 44.Be2 Nc3 45.Bh5  1/2-1/2

[Event "ch-Africa"]
[Site "Tripoli LBA"]
[Date "2009.07.30"]
[Round "9"]
[White "Oatlhotse,P"]
[Black "Kaabi,M"]
[Result "1/2-1/2"]
[WhiteElo "2164"]
[BlackElo "2313"]

1.Nf3 Nf6 2.c4 g6 3.Nc3 Bg7 4.e4 d6 5.d4 O-O 6.Be2 e5 7.O-O Nc6 8.d5 Ne7
9.b4 h6 10.Nd2 c6 11.a4 a5 12.Ba3 axb4 13.Bxb4 c5 14.Ba3 Ne8 15.Nb3 f5 16.Nxc5 dxc5
17.Bxc5 Nd6 18.Qb3 Nxe4 19.Nxe4 fxe4 20.Rad1 Rf7 21.Bb6 Qe8 22.c5 Nf5 23.Bb5 Bd7
24.c6 bxc6 25.dxc6 Bxc6 26.Bc4 Bxa4 27.Bxf7+ Qxf7 28.Qxf7+ Kxf7 29.Ra1 Bc6
30.Rac1 Bb5 31.Rfe1 Bd3 32.Rc7+ Kg8 33.h3 Nd4 34.Ra7 Rb8 35.Bc5 g5 36.Bd6 Rb6
37.Rxg7+ Kxg7 38.Bxe5+ Kg6 39.Bxd4 Rb1  1/2-1/2

[Event "MTO"]
[Site "Biel SUI"]
[Date "2009.07.31"]
[Round "11"]
[White "Rodshtein,M"]
[Black "Gallagher,Jo"]
[Result "1-0"]
[WhiteElo "2623"]
[BlackElo "2455"]

1.d4 Nf6 2.c4 g6 3.Nc3 Bg7 4.e4 d6 5.Be2 O-O 6.Nf3 e5 7.O-O Nc6 8.d5 Ne7
9.Nd2 c6 10.Rb1 b5 11.cxb5 cxd5 12.exd5 Bb7 13.Nc4 Nexd5 14.Nxd5 Nxd5 15.Bd2 Nc7
16.Na5 Be4 17.Rc1 Qd7 18.Nc6 d5 19.Ba5 Rfe8 20.a4 Kh8 21.Re1 Bf5 22.Qd2 a6
23.Na7 Rxa7 24.b6 Rb7 25.Rxc7 Rxc7 26.bxc7 Qxa4 27.Bxa6 Rf8 28.Qxd5 h5 29.Rc1 Be6
30.Qc5 Bc8 31.Bxc8 Rxc8 32.Qa7  1-0

[Event "ch-AUT"]
[Site "Jenbach AUT"]
[Date "2009.07.31"]
[Round "7"]
[White "Freitag,Ma"]
[Black "Jedinger,A"]
[Result "1-0"]
[WhiteElo "2404"]
[BlackElo "2170"]

1.d4 Nf6 2.Nf3 g6 3.c4 Bg7 4.Nc3 O-O 5.e4 d6 6.Be2 e5 7.O-O Nc6 8.d5 Ne7
9.Ne1 Nd7 10.f3 f5 11.g4 Kh8 12.Be3 Ng8 13.Ng2 a5 14.Qd2 b6 15.exf5 gxf5
16.gxf5 Nc5 17.f4 Bxf5 18.fxe5 Bxe5 19.Rae1 Qd7 20.Bf4 Bg7 21.Ne3 Bh3 22.Rf3 Nf6
23.Bf1 Bxf1 24.Rexf1 Nfe4 25.Nxe4 Nxe4 26.Qc2 Rae8 27.Kh1 Nc5 28.Ng2 Qf5
29.Qxf5 Rxf5 30.Be3 Rxf3 31.Rxf3 Nd3 32.b3 Ne5 33.Rg3 Ng6 34.h4 Rf8 35.Kg1 Be5
36.Rg4 Rf5 37.Rg5 Rf3 38.h5 Nf4 39.Nxf4 Rxe3 40.Ne6 h6 41.Rf5 a4 42.bxa4 Re4
43.Rf8+ Kh7 44.Rf7+ Kh8 45.Rxc7 Re2 46.a3 Ra2 47.Rc6 Rxa3 48.Kf2 Rb3 49.Ke2 Kg8
50.Rc8+ Kh7 51.Rc7+ Kg8 52.Rb7 Rc3 53.Rxb6 Rxc4 54.a5 Ra4 55.a6 Ra5 56.Rb8+ Kh7
57.Rb7+ Kg8 58.a7 Bg7 59.Rxg7+ Kh8 60.Rb7  1-0

[Event "ch-AUT"]
[Site "Jenbach AUT"]
[Date "2009.07.31"]
[Round "7"]
[White "Saxer,Be"]
[Black "Schnegg,D"]
[Result "0-1"]
[WhiteElo "2014"]
[BlackElo "2092"]

1.d4 Nf6 2.c4 g6 3.Nc3 Bg7 4.e4 d6 5.Nf3 O-O 6.Be2 e5 7.O-O Nc6 8.dxe5 dxe5
9.Be3 Bg4 10.Nd2 Bxe2 11.Qxe2 Nd4 12.Qd1 c6 13.Nb3 Qc7 14.f3 Rad8 15.Rf2 Nf5
16.Qe2 Nd4 17.Qf1 Nh5 18.Kh1 f5 19.Bg5 Bf6 20.Bxf6 Nxf6 21.exf5 gxf5 22.Re1 Rfe8
23.g4 Kh8 24.gxf5 Nxf5 25.Qh3 Nd4 26.Qh4 Qf7 27.Nc5 Nf5 28.Qh3 Nd6 29.Qh4 b6
30.N5e4 Rf8 31.Nxf6 Qxf6 32.Qxf6+ Rxf6 33.Rxe5 Nxc4 34.Re7 Rdf8 35.Ne4 Rxf3
36.Rxf3 Rxf3 37.Ng5 Rf2 38.Rxh7+ Kg8 39.h4 Rf4 40.b3 Ne5 41.Rg7+ Kxg7 42.Ne6+ Kf6
43.Nxf4 Kf5 44.Ne2 Kg4 45.Kg2 Kxh4 46.Kf2 Kg4 47.Ke3 Kf5 48.Nd4+ Kf6 49.Ke4 a6
50.a3 c5 51.Ne2 Ke6 52.Nf4+ Kd6 53.Nd5 Nd7 54.Nc3 Nf6+ 55.Kd3 Nd5 56.Ne4+ Ke5
57.Nd2 b5 58.Nf3+ Kd6 59.Nd2 Nb6 60.Ne4+ Kc6 61.Nd2 Kd5 62.Kc3 a5 63.Nf3 Ke4
64.Nd2+ Kd5 65.Nf3 a4 66.b4 Nc4 67.bxc5 Kxc5 68.Ne1 Nxa3 69.Nd3+ Kb6 70.Nb4 Nc4
71.Kd4 Nd6 72.Kd5 Nf5 73.Nc2 Ne7+  0-1